[Event "Hoogeveen"]
[Site "VAM 1"]
[Date "1997.10.11"]
[Round "1"]
[White "Sutovsky, Emil"]
[Black "Van Wely, Loek"]
[Result "1-0"]
[WhiteElo "2590"]
[BlackElo "2655"]
[Annotator "JvR"]
[PlyCount "85"]
[EventDate "1997.10.11"]
[SourceDate "1998.01.31"]

1. e4 c5 2. Nf3 d6 3. d4 cxd4 4. Nxd4 Nf6 5. Nc3 a6 6. Be2 e5 7. Nb3 Be7 8. O-O
O-O 9. Kh1 Qc7 10. g4 Be6 11. g5 Nfd7 12. Nd5 $5 Bxd5 13. exd5 Nc5 $6 ({
Preferable is} 13... Nb6 14. a4 a5) 14. Nxc5 Qxc5 15. Be3 Qc7 16. a3 Nd7 17. c4
$1 {White controls more territory.} a5 18. b4 Rfc8 $5 19. Bg4 Rd8 $5 20. Qb3
Ra6 $5 21. Rfc1 axb4 22. axb4 Rda8 $2 ({Better is} 22... Rxa1 23. Rxa1 g6) 23.
Rxa6 Rxa6 24. c5 $1 {White breaks through.} Ra8 ({The pointe is} 24... dxc5 25.
bxc5 Nxc5 26. Bxc5 Bxc5 27. Qb5 {and White wins (Sutovsky).}) 25. Qc4 Nf8 26.
Qb5 Bd8 27. Qe8 Rb8 28. Qa4 h6 29. h4 hxg5 30. hxg5 Qe7 31. Qa7 Bc7 32. c6 $1
b5 33. Bf5 g6 34. Bh3 Nh7 35. Bd7 Qd8 36. Ra1 Kg7 37. f4 $1 exf4 38. Qd4+ $1
Kg8 39. Qxf4 Ra8 40. Re1 Nf8 41. Bd4 $1 Nxd7 42. cxd7 Qxd7 43. Qh4 {
The young man attacked forcefully.} 1-0

[Event "Hoogeveen"]
[Site "VAM 1"]
[Date "1997.10.12"]
[Round "2"]
[White "Sutovsky, Emil"]
[Black "Polgar, Judit"]
[Result "1-0"]
[WhiteElo "2590"]
[BlackElo "2670"]
[Annotator "JvR"]
[PlyCount "63"]
[EventDate "1997.10.11"]
[SourceDate "1998.01.31"]

1. e4 c5 2. Nf3 e6 3. Nc3 Nc6 4. d4 cxd4 5. Nxd4 Qc7 6. g3 a6 7. Bg2 Nf6 8. O-O
Nxd4 9. Qxd4 Bc5 10. Bf4 d6 11. Qd2 h6 12. Rad1 e5 13. Be3 Ke7 {
This line favours White.} 14. Bxc5 Qxc5 15. Na4 Qc6 16. f4 a5 17. Qd3 Ra6 $2 {
Black plays a poor novelty.} ({Theory is} 17... b5 18. Nc3 Be6) 18. fxe5 dxe5
19. Qa3+ Ke8 20. Rf3 $1 b5 ({The pointe is} 20... Qxc2 $2 21. Nc3 $1) 21. Rc3
$1 Qb7 22. Qc5 $1 Bd7 23. Qxe5+ Re6 24. Qd4 $1 bxa4 $5 25. e5 $1 {
White regains the piece.} Qb6 26. exf6 gxf6 27. Bh3 Qxd4+ ({Or} 27... Re1+ $2
28. Rxe1+ {and White delivers check.}) 28. Rxd4 Ke7 29. Rc7 Rd8 30. Bxe6 fxe6
31. c4 e5 32. Rd2 {Sutovsky had won two games in a row.} 1-0

[Event "Hoogeveen"]
[Site "VAM 1"]
[Date "1997.10.12"]
[Round "2"]
[White "Van Wely, Loek"]
[Black "Smyslov, Vassily"]
[Result "1-0"]
[WhiteElo "2655"]
[BlackElo "2480"]
[Annotator "JvR"]
[PlyCount "79"]
[EventDate "1997.10.11"]
[SourceDate "1998.01.31"]

1. d4 d5 2. c4 c6 3. Nc3 Nf6 4. Nf3 dxc4 5. a4 Bf5 6. Ne5 Nbd7 7. Nxc4 Qc7 8.
g3 e5 9. dxe5 Nxe5 10. Bf4 Nfd7 11. Bg2 f6 12. O-O Be6 {
This position has a notorious reputation since the 1930's.} 13. Nxe5 fxe5 14.
Be3 Bc5 15. Qc1 O-O 16. Rd1 $5 (16. Bxc5 Nxc5 17. Qe3 {
happened in Bogoljubow - Araiza, San Remo 1930).}) 16... Bxe3 $5 17. Qxe3 a5 $6
({Preferable is} 17... Nf6) 18. Ne4 Kh8 $5 19. Rac1 Rad8 $6 ({Better is} 19...
Nf6 20. Nxf6 gxf6 {(Van Wely).}) 20. Nd6 $1 Nf6 21. Qxe5 Bb3 $5 22. Rd3 $1 Ng4
({Or} 22... Bxa4 23. Qe6 Bb3 24. Qxb3 Rxd6 25. Rxd6 Qxd6 26. Qxb7) 23. Qd4 Nxf2
{He regains the pawn at a price.} 24. Rxb3 Rxd6 25. Rxb7 $1 Rxd4 26. Rxc7 {
Black reaches a hopeless endgame.} Ne4 27. R7xc6 Rxa4 28. R6c4 Rxc4 29. Rxc4
Nd2 30. Ra4 Rb8 31. Rxa5 Nc4 32. Ra4 Nxb2 33. Rd4 g6 34. Kf2 Rc8 35. Bd5 Rc1
36. Bb3 Rc3 37. Rb4 Rc7 38. Ke1 Kg7 39. Kd2 Kf6 40. Bd5 {
Van Wely gains a knight.} 1-0

[Event "Hoogeveen"]
[Site "VAM 1"]
[Date "1997.10.13"]
[Round "3"]
[White "Polgar, Judit"]
[Black "Van Wely, Loek"]
[Result "1/2-1/2"]
[WhiteElo "2670"]
[BlackElo "2655"]
[Annotator "JvR"]
[PlyCount "97"]
[EventDate "1997.10.11"]
[SourceDate "1998.01.31"]

1. e4 c5 2. Nf3 d6 3. d4 cxd4 4. Nxd4 Nf6 5. Nc3 a6 6. a4 Nc6 7. Be2 g6 8. O-O
Bg7 9. Nb3 b6 10. Be3 O-O 11. f4 Bb7 12. Bf3 Nd7 13. Qe1 Na5 $5 14. Nxa5 bxa5
15. Rd1 Qc7 $1 16. h4 $5 Rab8 ({The alternative is} 16... Rac8 $1 17. h5 Nb6)
17. h5 Ba8 18. hxg6 hxg6 19. e5 $1 {Both sides attack.} Bxf3 20. Rxf3 Rfe8 21.
Qh4 $5 {Judit accepts a great risk.} Rxb2 22. Nd5 Qxc2 23. Rd2 Rb1+ (23... Qxa4
24. Nxe7+ Kf8 $1 25. Rxb2 Qa1+ 26. Rf1 Qxb2 27. f5 Rxe7 28. f6 Rxe5 (28... Nxf6
{(Van Wely)} 29. Bd4 $1 {favours White}) 29. fxg7+ Kxg7 30. Bh6+ Kg8 31. Qd8+
Kh7 32. Rxf7+ Kxh6 33. Qh4+ Rh5 34. Qf4+ Rg5 35. Qh4+ {brings perpetual check.}
) 24. Kh2 Qc1 25. Nxe7+ Kf8 26. Nxg6+ $1 fxg6 27. Rxd6 Qh1+ 28. Kg3 Qxh4+ 29.
Kxh4 Re7 30. Rxg6 Kf7 31. Rxa6 Rb4 $1 32. g4 Rxa4 {
A forced line has led to an equal endgame.} 33. Bd2 Kg8 34. Rxa5 Rxa5 35. Bxa5
Nxe5 $5 36. fxe5 Rxe5 37. Bd2 Rd5 38. Bg5 Kh7 39. Rb3 Bd4 40. Bf4 Kg6 41. Kh3
Ra5 42. Kg2 Bc5 43. Bc1 Ra6 44. Rb5 Rc6 45. Kf3 Be7 46. Bf4 Bf6 47. Rh5 Rc3+
48. Ke2 Rc4 49. Kf3 {A great fight ended quietly.} 1/2-1/2

[Event "Hoogeveen"]
[Site "VAM 1"]
[Date "1997.10.15"]
[Round "4"]
[White "Smyslov, Vassily"]
[Black "Polgar, Judit"]
[Result "1/2-1/2"]
[WhiteElo "2480"]
[BlackElo "2670"]
[Annotator "JvR"]
[PlyCount "69"]
[EventDate "1997.10.11"]
[SourceDate "1998.01.31"]

1. Nf3 Nf6 2. d4 g6 3. Bg5 Bg7 4. Nbd2 d5 5. e3 O-O 6. Bd3 c5 7. c3 b6 8. O-O
Bb7 9. Bxf6 Bxf6 10. Qe2 Bg7 $5 11. Rad1 Nd7 12. Rfe1 c4 13. Bc2 f5 $6 (13...
b5 $1 {advances on the queenside.}) 14. Ng5 $1 Rf6 15. f4 $5 b5 16. g4 e6 17.
Qg2 Qe7 18. Ndf3 h6 19. Nh3 a5 $6 (19... Rff8 20. Ne5 Nxe5 21. fxe5 g5 {
guards the kingside.}) 20. Ne5 $1 g5 $6 {The kingside should remain closed.} ({
Preferable is} 20... Qe8 $1 21. g5 Rf8 22. gxh6 Bxh6) 21. gxf5 Nxe5 $5 (21...
exf5 22. fxg5 hxg5 23. Nxd7 Qxd7 24. Qxg5 {costs a pawn (Hansen).}) 22. dxe5
Rxf5 23. Bxf5 exf5 24. fxg5 d4 $5 25. e4 dxc3 26. bxc3 $2 (26. gxh6 cxb2 27.
Qg6 $1 Bxe4 28. Ng5 {wins for White.}) 26... hxg5 $2 ({Right is} 26... Bxe5)
27. Nxg5 b4 28. e6 Bc6 29. Nf7 $5 Qf6 30. Rd6 $2 Qxc3 $2 31. Red1 $2 (31. Nh6+
$1 Kh7 32. Qf2 Bxh6 33. Rxc6 {still wins.}) 31... Bxe4 32. Rd8+ Rxd8 33. Rxd8+
Kh7 34. Ng5+ Kh6 35. Nf7+ {Polgar escaped from a lost position.} 1/2-1/2

[Event "Hoogeveen"]
[Site "VAM 1"]
[Date "1997.10.15"]
[Round "4"]
[White "Van Wely, Loek"]
[Black "Sutovsky, Emil"]
[Result "1/2-1/2"]
[WhiteElo "2655"]
[BlackElo "2590"]
[Annotator "JvR"]
[PlyCount "135"]
[EventDate "1997.10.11"]
[SourceDate "1998.01.31"]

1. d4 d5 2. c4 dxc4 3. e4 e5 4. Nf3 exd4 5. Bxc4 Nc6 6. O-O Be6 7. Bxe6 fxe6 8.
Qb3 Qd7 9. Qxb7 Rb8 10. Qa6 Nf6 11. Nbd2 Bb4 12. Nc4 O-O 13. a3 Bc5 14. b4 Nxe4
$1 {Sutovsky delivers a fine novelty.} 15. Re1 ({The pointe is} 15. bxc5 Rxf3
$1 16. Na5 (16. gxf3 $2 Nxc5 $1) 16... Nxa5 17. gxf3 Nb3 18. fxe4 Nxa1 19. Qxa7
Rf8) 15... Qd5 16. Rxe4 Qxe4 17. Ncd2 Qd5 18. bxc5 Qxc5 19. Qc4 $5 Qxc4 20.
Nxc4 Rf5 $1 21. Kf1 Rc5 22. Nfd2 d3 23. f3 $1 {
White consolidates his hard position.} Nd4 24. Kf2 Rbb5 25. f4 a5 $1 26. a4 Rb4
27. Ne5 Rc3 28. Ba3 Rxa4 29. Bb2 Rxa1 30. Bxc3 Ra2 31. Nec4 Nb3 32. Ke3 Nxd2
33. Nxd2 h5 34. Kxd3 {He has conquered an important pawn.} Kh7 35. g3 a4 36. h3
Kh6 37. Be5 Ra3+ 38. Bc3 Ra2 39. Be5 c6 40. Bc3 g6 41. h4 Kh7 42. Kc4 Kg8 43.
Kb4 Rc2 44. Ne4 Re2 45. Nd6 Re3 46. Bf6 Rxg3 47. Nc4 $5 a3 48. Nxa3 c5+ 49. Ka4
Kf7 50. Bd8 $5 Ke8 51. Bf6 Rg4 52. Kb5 $1 Rxf4 53. Bg5 Rf5 54. Nc4 Kd7 55. Be3
e5 56. Kxc5 Ke6 57. Nd2 Rf8 58. Kc4 Rd8 $1 59. Ne4 Kf5 60. Nf2 $1 e4 61. Kc3
Ke5 62. Kc2 Ra8 63. Kd1 Ra1+ 64. Ke2 Kd5 65. Kd2 Ra2+ 66. Ke1 Ra8 67. Ke2 Rf8
68. Bh6 {Van Wely defended well.} 1/2-1/2

[Event "Hoogeveen"]
[Site "VAM 1"]
[Date "1997.10.16"]
[Round "5"]
[White "Van Wely, Loek"]
[Black "Polgar, Judit"]
[Result "0-1"]
[WhiteElo "2655"]
[BlackElo "2670"]
[Annotator "JvR"]
[PlyCount "60"]
[EventDate "1997.10.11"]
[SourceDate "1998.01.31"]

1. c4 c5 2. Nc3 Nc6 3. e3 Nf6 4. d4 d5 5. dxc5 e6 6. a3 Bxc5 7. b4 Bd6 8. Nf3
O-O 9. cxd5 exd5 10. Nb5 Bb8 11. Bb2 $5 a5 $1 12. bxa5 $2 ({Correct is} 12. Be2
) 12... Ne4 13. Be2 Qxa5+ 14. Kf1 {White experiences positional problems.} Rd8
15. h3 Qb6 16. g3 Re8 17. Qe1 ({She had planned} 17. Qxd5 Bxg3 $1) 17... Na5
18. Bd4 Qg6 19. Kg2 Nc4 {Black has the initiative.} 20. Nh4 Qc6 21. a4 Ra6 22.
Bg4 f5 $5 {Judit delivers a positional sacrifice.} 23. Bxf5 $6 (23. Nxf5 $1
Bxf5 24. Bxf5 Nxg3 25. fxg3 Nxe3+ 26. Bxe3 d4+ 27. Kh2 Rxe3 28. Nxd4 Rxe1 29.
Nxc6 {defends well (Polgar).}) 23... Rf8 24. Bxc8 $2 (24. Bxe4 dxe4 25. Qb4 {
delivers more resistance.}) 24... Qxc8 25. Ra2 Rh6 26. Qd1 g5 27. Nf3 g4 $1 28.
hxg4 $5 Rxh1 29. Qxh1 Qxg4 30. Nh2 Rxf2+ {Judit attacked forcefully.} 0-1

[Event "Hoogeveen"]
[Site "VAM 1"]
[Date "1997.10.17"]
[Round "6"]
[White "Polgar, Judit"]
[Black "Sutovsky, Emil"]
[Result "1/2-1/2"]
[WhiteElo "2670"]
[BlackElo "2590"]
[Annotator "JvR"]
[PlyCount "71"]
[EventDate "1997.10.11"]
[SourceDate "1998.01.31"]

1. e4 c5 2. Nf3 d6 3. d4 cxd4 4. Nxd4 Nf6 5. Nc3 a6 6. Be3 Ng4 7. Bg5 h6 8. Bh4
g5 9. Bg3 Bg7 10. Be2 h5 11. Bxg4 Bxg4 12. f3 Bd7 13. Bf2 Nc6 14. O-O e6 15.
Nce2 Ne5 16. Qd2 b5 $5 17. b3 Ng6 (17... g4 $6 18. f4 $1 {favours White.}) 18.
Rad1 Rc8 $5 19. c3 $1 Be5 $6 ({More prudent is} 19... Bf6 20. Nc2 Be7) 20. Nc2
Nf4 $5 21. Nxf4 gxf4 22. Bd4 a5 $5 23. Ne1 {White has an edge.} Qf6 24. Bxe5
Qxe5 25. Nd3 Qxc3 26. Qxf4 Qd4+ 27. Nf2 Qe5 28. Qd2 Ke7 29. Qxa5 {
The white pressure has led to the gain of a pawn.} Rc2 30. Rd2 $6 (30. Nd3 $1
Rg8 $1 {(Sutovsky)} 31. Rf2 $1 Qd4 32. Kf1 {achieves an advantage.}) 30... Ra8
$1 {Black equalises in a bright way.} 31. Qxa8 Rxd2 32. b4 Qd4 33. Qg8 e5 34.
Qg5+ Ke8 35. Qg8+ Ke7 36. Qg5+ {White delivers a perpetual check. Sutovsky had
won the event and gained f 10,000.} 1/2-1/2

[Event "Hoogeveen"]
[Site "VAM 1"]
[Date "1997.10.17"]
[Round "6"]
[White "Smyslov, Vassily"]
[Black "Van Wely, Loek"]
[Result "0-1"]
[WhiteElo "2480"]
[BlackElo "2655"]
[Annotator "JvR"]
[PlyCount "100"]
[EventDate "1997.10.11"]
[SourceDate "1998.01.31"]

1. e4 c5 2. Nc3 Nc6 3. Nf3 d6 4. d4 cxd4 5. Nxd4 Nf6 6. Be2 g6 7. O-O Bg7 8.
Be3 O-O 9. Kh1 Bd7 10. Nb3 Na5 11. f4 Bc6 $5 ({Known is} 11... Nxb3 12. axb3
Bc6) 12. Qd3 Nd7 13. Bf3 b6 $6 ({Preferable is} 13... Nxb3 14. axb3 Qc7 $1) 14.
Nxa5 bxa5 15. Rad1 Nb6 $6 ({Better is} 15... Rb8) 16. b3 $1 Rc8 17. Ne2 a4 18.
Bd4 Bxd4 19. Nxd4 Bb7 20. c4 $6 (20. e5 $1 Bxf3 21. Qxf3 {favours White.})
20... a5 21. e5 $5 {The advance comes too late.} Bxf3 22. Qxf3 axb3 23. axb3 a4
$1 24. Qb7 $5 axb3 25. Nc6 $6 (25. c5 $1 Nc4 26. cxd6 exd6 27. Qxb3 {
is alright.}) 25... Qc7 $1 26. Nxe7+ Kg7 27. Qxc7 $6 (27. Qa6 Rcd8 28. exd6
Rxd6 29. Rxd6 Qxd6 30. Nd5 Rb8 31. Qa1+ {offers more resistance.}) 27... Rxc7
28. Nd5 Nxd5 29. cxd5 b2 30. Rb1 Rc2 31. Kg1 Rfc8 $5 32. exd6 $1 Kf6 33. d7 $1
Rb8 34. Rfe1 Rd8 35. Kf1 Rxd7 36. Re2 Rc1+ 37. Re1 Rxb1 38. Rxb1 Rb7 $1 {
Black wins the rook ending.} 39. Ke2 Rb5 40. Ke3 Ke7 $1 41. Kd3 Kd6 42. Kc2
Kxd5 43. Rd1+ Ke4 44. Kb1 Rb7 45. Rf1 f5 46. Rf3 Rd7 47. Rf2 Ke3 48. Rf3+ Ke2
49. Rb3 Kf1 50. Rxb2 Re7 $1 {The final standings became: Sutovsky 4/6, Polgar
and Van Wely 3, Smyslov 2. Sutovsky had won the first Hoogeveen tournament.}
0-1

[Event "Hoogeveen"]
[Site "VAM 2"]
[Date "1998.10.18"]
[Round "1"]
[White "Spassky, Boris"]
[Black "Shaked, Tal"]
[Result "1/2-1/2"]
[WhiteElo "2545"]
[BlackElo "2490"]
[Annotator "JvR"]
[PlyCount "64"]
[EventDate "1998.10.18"]
[SourceDate "1998.01.31"]

{The second VAM tournament happened in Hoogeveen from 18 until 24 x 1998.
Participants were the former world champion Boris Spassky, the best female
Judit Polgar, the best Dutch player Jan Timman and the youth champion Tal
Shaked.} 1. e4 e6 2. d4 d5 3. Nc3 Bb4 4. e5 c5 5. a3 Bxc3+ 6. bxc3 Ne7 7. a4
Nbc6 8. Nf3 Qa5 9. Bd2 Bd7 10. Be2 f6 11. exf6 gxf6 12. O-O c4 13. Nh4 O-O-O
14. g3 e5 $5 15. f4 exd4 $5 16. cxd4 Qc7 17. c3 Nf5 18. Ng2 $1 Na5 $1 19. Bf3
$6 ({Preferable is} 19. Ra2 Nb3 20. a5 Nxd2 21. Qxd2) 19... Nb3 20. Ra2 Qa5 21.
g4 $5 Nd6 22. f5 h5 23. Ne3 $5 hxg4 24. Bxd5 Rde8 {Black dominates the board.}
25. Bg2 Ne4 $6 (25... Nxd2 26. Qxd2 Ne4 {gains an advantage (Shaked).}) 26. Be1
Nxc3 27. Bxc3 $2 ({Better is} 27. Nxc4 $1 Nxd1 28. Bxa5) 27... Qxc3 28. Nxc4
Kb8 29. Nd6 Qe3+ 30. Rff2 $1 Qe1+ $6 {Shaked suffers from time troubles.} 31.
Rf1 Qe3+ 32. Rff2 Qe1+ $6 {Spassky escaped in a difficult game.} (32... Qxd4
33. Qxd4 Re1+ $1 34. Rf1 Rxf1+ 35. Kxf1 Nxd4 {leads to a black advantage.})
1/2-1/2

[Event "Hoogeveen"]
[Site "VAM 2"]
[Date "1998.10.18"]
[Round "1"]
[White "Timman, Jan"]
[Black "Polgar, Judit"]
[Result "0-1"]
[WhiteElo "2655"]
[BlackElo "2665"]
[Annotator "JvR"]
[PlyCount "84"]
[EventDate "1998.10.18"]
[SourceDate "1998.01.31"]

1. d4 Nf6 2. c4 e6 3. Nc3 Bb4 4. Nf3 O-O 5. Bg5 c5 6. d5 d6 7. Rc1 exd5 8. cxd5
Nbd7 9. e3 h6 10. Bh4 Qa5 11. Nd2 $5 (11. Bd3 $6 Qxa2 12. O-O {
favoured Black in Golz - Taimanov, Dresden 1959.}) 11... b5 $1 12. Be2 Bb7 13.
e4 Rae8 14. f3 Nh5 $5 15. O-O $5 Nf4 16. Nb3 Nxe2+ 17. Qxe2 Qa6 $1 18. Rfd1 $6
(18. Nxb5 $5 Qb6 $1 19. Kh1 f5 {brings chances for both sides.}) 18... Bxc3 $1
19. bxc3 f5 20. Nd2 Qa4 $6 (20... Bxd5 $1 21. a4 fxe4 22. axb5 Qa2 {
achieves an advantage.}) 21. c4 Ba6 22. Bg3 $2 ({Better is} 22. Qe3 f4 23. Qb3)
22... f4 $1 23. Be1 Ne5 {Black dominates the board.} 24. Rc3 Rb8 25. Ra1 bxc4
26. Nb1 Nd3 27. Na3 Rb2 28. Qd1 Qxd1 29. Rxd1 Rfb8 30. Nxc4 Bxc4 31. Rxc4 Nxe1
32. Rxe1 Rxa2 {Polgar wins the double rook endgame easily.} 33. g3 fxg3 34.
hxg3 Rb3 35. e5 dxe5 36. Rd1 Rxf3 $1 37. d6 Rxg3+ 38. Kh1 Rgg2 39. Rcc1 ({
The pointe is} 39. d7 Rh2+ 40. Kg1 Rag2+ 41. Kf1 Rh1+ 42. Kxg2 Rxd1 {(Polgar).}
) 39... Rh2+ 40. Kg1 Rag2+ 41. Kf1 Rd2 42. Kg1 Kf7 {Judit had an ideal start.}
0-1

[Event "Hoogeveen"]
[Site "VAM 2"]
[Date "1998.10.19"]
[Round "2"]
[White "Shaked, Tal"]
[Black "Polgar, Judit"]
[Result "0-1"]
[WhiteElo "2490"]
[BlackElo "2665"]
[Annotator "JvR"]
[PlyCount "68"]
[EventDate "1998.10.18"]
[SourceDate "1998.01.31"]

1. c4 Nf6 2. Nc3 c5 3. g3 Nc6 4. Bg2 b6 5. e4 Rb8 $5 6. Nge2 d6 $6 7. O-O $6 (
7. d4 $1 {gains an edge.}) 7... e5 8. d3 Be7 9. h3 a6 10. a4 O-O 11. f4 Nd4 12.
g4 $5 Bb7 13. Nxd4 cxd4 14. Ne2 $6 ({More active is} 14. Nd5 $1 Bxd5 15. exd5)
14... Nd7 15. b4 a5 $1 16. b5 Nc5 $1 {Black blockades the queenside.} 17. Kh1
Ne6 18. f5 $6 ({Preferable is} 18. Ng3 $1 exf4 19. Nf5) 18... Nc5 $1 {
The knight returns to the right square.} 19. Ng1 Bg5 $1 20. Ra3 $5 f6 $6 {
Black should exchange.} 21. Nf3 $6 Bxc1 22. Qxc1 Qe7 23. Rg1 Rbc8 24. Nd2 g6 $1
25. Bf3 Kh8 26. Nf1 gxf5 27. gxf5 d5 $5 {The breakthrough is wonderful.} (27...
Rg8 28. Rg4 Rcf8 {keeps a plus.}) 28. exd5 e4 $1 29. dxe4 $2 ({Correct is} 29.
Qe1 $1 e3 30. Qh4 Qe5 {and equality (Polgar).}) 29... Nxe4 30. Qh6 Ng5 $1 31.
Rxg5 $5 fxg5 32. d6 Qe2 $1 33. Bxb7 Qxf1+ 34. Kh2 Rxf5 $1 {
Black has a mate attack.} 0-1

[Event "Hoogeveen"]
[Site "VAM 2"]
[Date "1998.10.21"]
[Round "3"]
[White "Polgar, Judit"]
[Black "Spassky, Boris"]
[Result "1-0"]
[WhiteElo "2665"]
[BlackElo "2545"]
[Annotator "JvR"]
[PlyCount "81"]
[EventDate "1998.10.18"]
[SourceDate "1998.01.31"]

1. e4 e5 2. Nf3 Nc6 3. Bb5 a6 4. Ba4 Nf6 5. O-O Be7 6. Re1 b5 7. Bb3 d6 8. c3
O-O 9. h3 Nb8 10. d4 Nbd7 11. Nbd2 Bb7 12. Bc2 Re8 13. Nf1 exd4 14. cxd4 d5 $6
({Known is} 14... Bf8) 15. e5 $1 Ne4 16. N3d2 Nxd2 17. Bxd2 c5 18. Ne3 $1 {
White has an advantage.} g6 19. Ng4 Bf8 20. dxc5 Bxc5 $2 ({Better is} 20... Bg7
$1 21. Bh6 Bxh6 22. Nxh6+ Kg7 {and White has a plus.}) 21. Nh6+ $1 {
White charges forcefully..} Kg7 22. Qf3 f6 $1 23. e6 Nf8 24. b4 Bb6 25. e7 $6 (
{More effective is} 25. Qg4 $1 Bc8 26. Bf5 {(Polgar).}) 25... Rxe7 26. Rxe7+
Qxe7 27. Re1 Qd8 28. Ng4 $1 Nd7 (28... Bd4 29. Bh6+ Kh8 30. Qd3 Bb2 31. Bb3 {
also wins for White}) 29. Qf4 Kf7 30. Qh6 Qg8 ({Or} 30... Qh8 31. Bf5 gxf5 32.
Qh5+ Kf8 33. Bh6+ {and White has a mate attack.}) 31. Qh4 Qh8 32. Nh6+ Kf8 33.
Qg4 f5 34. Nxf5 Qf6 35. Bg5 Qc3 36. Re2 Bc7 37. Ng3 Ne5 38. Qe6 Nf7 39. Be7+
Kg8 40. Nh5 $1 gxh5 41. Bf6 {Polgar scored her third win in a row.   It rained
hard during the event. Hoogeveen was almost flooded. The arbiter Geurt Gijssen
made contact between Spassky and me. When Boris came to Margraten after the
tournament, it was still raining and he stood dripping at my door.
Nevertheless, he talked a lot about his loss against Polgar. We worked on the
book "Grand Strategy" later.} 1-0

[Event "Hoogeveen"]
[Site "VAM 2"]
[Date "1998.10.21"]
[Round "3"]
[White "Timman, Jan"]
[Black "Shaked, Tal"]
[Result "1-0"]
[WhiteElo "2655"]
[BlackElo "2490"]
[Annotator "JvR"]
[PlyCount "77"]
[EventDate "1998.10.18"]
[SourceDate "1998.01.31"]

1. e4 c5 2. Nf3 Nc6 3. Bb5 e6 4. O-O Nge7 5. c3 a6 6. Be2 d5 7. exd5 Nxd5 8. d4
cxd4 9. Nxd4 Bd7 10. Bf3 Nxd4 11. Qxd4 Bc6 12. Nd2 Qc7 13. Nc4 b5 14. Qe5 O-O-O
15. Qxc7+ Kxc7 16. Ne5 Be8 17. c4 bxc4 18. Nxc4 Bb5 19. b3 Bb4 20. Bb2 f6 {
White has an edge.} 21. a3 $5 (21. Rac1 {
was played in De Gleria - Naumann, Halle 1996.}) 21... Bc5 22. Rfc1 $1 Kb8 23.
Ne5 $1 Rc8 24. a4 Be8 25. Nd3 $6 ({Preferable is} 25. Bg4 $1 Nf4 26. Rc4 h5 27.
Bf3) 25... Bd6 26. Bd4 Bg6 27. Nc5 Bxc5 28. Bxc5 Rc6 $5 29. b4 Rhc8 30. a5 Bd3
31. Re1 Rd8 32. Rad1 Bb5 33. h4 Kc8 34. Rd4 Rd7 $2 ({Better is} 34... g6) 35.
Rde4 $1 Nc7 ({The pointe is} 35... e5 36. Bg4 $1 {(Smirin).}) 36. R4e3 Nd5 37.
Rxe6 Rxe6 38. Rxe6 {White has gained a pawn.} Nf4 39. Re4 {The standings after
one cycle were: Polgar 3/3, Timman 11/2, Spassky 1, Shaked 1/2.} 1-0

[Event "Hoogeveen"]
[Site "VAM 2"]
[Date "1998.10.23"]
[Round "5"]
[White "Shaked, Tal"]
[Black "Timman, Jan"]
[Result "0-1"]
[WhiteElo "2490"]
[BlackElo "2655"]
[Annotator "JvR"]
[PlyCount "80"]
[EventDate "1998.10.18"]
[SourceDate "1998.01.31"]

1. c4 e5 2. Nc3 Bb4 3. Nd5 Bc5 4. b4 Bf8 5. Bb2 c6 6. Ne3 f6 $5 7. Qa4 Ne7 8.
g3 $5 d5 $1 9. Bg2 $6 ({Better is} 9. c5 b5 10. cxb6 Qxb6 11. Bg2) 9... d4 10.
Nc2 Be6 11. d3 Nd7 12. e3 $2 (12. Qa5 Qxa5 13. bxa5 {
makes an important exchange.}) 12... dxe3 13. fxe3 a5 $1 {
The white position will be crushed.} 14. O-O-O Nf5 $1 15. Qb3 axb4 16. d4 b5
17. d5 Nc5 18. dxe6 Nxb3+ 19. axb3 Qb6 20. cxb5 Qxb5 21. g4 Nd6 22. Nf3 Be7 23.
Nh4 O-O 24. Bf1 Qc5 25. Nf5 Nxf5 26. gxf5 Rfd8 27. Rd7 Kf8 28. Bc4 Ra7 29. Rhd1
Ke8 30. Rxd8+ Bxd8 31. Kb1 Be7 32. h4 Ra8 33. h5 Rd8 34. Kc1 Rxd1+ 35. Kxd1 e4
36. Nd4 Qd6 37. Kc1 Qg3 38. Nxc6 Qxe3+ 39. Kb1 Qg1+ 40. Ka2 Qf2 {
Timman scored an easy win.} 0-1

[Event "Hoogeveen"]
[Site "VAM 2"]
[Date "1998.10.23"]
[Round "5"]
[White "Spassky, Boris"]
[Black "Polgar, Judit"]
[Result "1/2-1/2"]
[WhiteElo "2545"]
[BlackElo "2665"]
[Annotator "JvR"]
[PlyCount "52"]
[EventDate "1998.10.18"]
[SourceDate "1998.01.31"]

1. d4 Nf6 2. c4 g6 3. Nc3 Bg7 4. e4 d6 5. h3 O-O 6. Bg5 Na6 7. f4 Nh5 $5 {
Polgar plays a risky novelty.} ({My preference has} 7... c5 $5 8. d5 Re8) 8.
Nge2 h6 9. Bh4 f5 $6 {Opportunism continues.} ({Better is} 9... c5) 10. exf5
gxf5 11. g3 $5 Qe8 12. Bg2 e5 $1 13. dxe5 dxe5 14. fxe5 Qxe5 15. Qd5+ $1 Qxd5
16. Bxd5+ Kh7 17. Bf3 Nf6 18. O-O-O Nc5 19. Nf4 Nfe4 20. Be7 Re8 21. Ncd5 Be5
22. Rhe1 c6 $1 23. Bxc5 cxd5 24. Rxd5 Bxf4+ 25. gxf4 Be6 26. Re5 Bxc4 {
White has little advantage.} (26... Bxc4 27. R5xe4 $5 fxe4 28. Bxe4+ Rxe4 29.
Rxe4 Bxa2 30. Re7+ Kg6 31. Rxb7 Rc8 {leads to equality.}) 1/2-1/2